مكتبة جامعة عجلون الوطنية

فهرس بحث المكتبة

Normal view MARC view
  • الهدهد،أماني جاد الله ؛ سمر العملة

Entry Personal Name

Number of records used in: 1

001 - CONTROL NUMBER

  • control field: 8720

003 - CONTROL NUMBER IDENTIFIER

  • control field: JO-AjAnu

005 - DATE AND TIME OF LATEST TRANSACTION

  • control field: 20230606071715.0

008 - FIXED-LENGTH DATA ELEMENTS

  • fixed length control field: 230606|| aca||aabn | a|a d

040 ## - CATALOGING SOURCE

  • Original cataloging agency: JO-AjAnu
  • Transcribing agency: JO-AjAnu

100 ## - HEADING--PERSONAL NAME

  • Personal name: الهدهد،أماني جاد الله ؛ سمر العملة

670 ## - SOURCE DATA FOUND

  • Source citation: Work cat.: (JO-AjAnu)4501: الهدهد،أماني جاد الله ؛ سمر العملة, author, جمعية أصدقاء الأطفال: الحملة الوطنية لتشجيع القراءة؛ تعليمات جواز سفر القراءة ذي المراحل السبع (قطار المعرفة)؛ ببلوغرافيا كتاب الأطفال وكتبهم في الأردن